| 000 | 00439nam a22001697a 4500 | ||
|---|---|---|---|
| 003 | OSt | ||
| 008 | 210913b ||||| |||| 00| 0 eng d | ||
| 020 | _a9789381450413 | ||
| 082 |
_a620.43 _bRAT/AN |
||
| 100 |
_aRathinasamy,A _9596 |
||
| 100 |
_aParameswari,C _9597 |
||
| 100 |
_aPonnuswami,V _9598 |
||
| 245 | _aAn Introduction to Nanotechnology | ||
| 260 |
_aNew Delhi _bNew India Publishing Agency _c2012 |
||
| 300 | _a349 | ||
| 942 | _cBK | ||
| 999 |
_c14375 _d14375 |
||